Online Catalogue and eLibrary

The tantric way : (Record no. 812)

MARC details
000 -LEADER
fixed length control field 00430nam a2200181Ia 4500
005 - DATE AND TIME OF LATEST TRANSACTION
control field 20240722023646.0
008 - FIXED-LENGTH DATA ELEMENTS--GENERAL INFORMATION
fixed length control field 240331s9999 xx 000 0 und d
020 ## - INTERNATIONAL STANDARD BOOK NUMBER
ISBN 0500270880
082 ## - DDC Classification
Class No. 210
Item Number - Author Mark MOO
100 ## - MAIN ENTRY--PERSONAL NAME
Personal name Mookergee,A
245 #4 - TITLE STATEMENT
Title The tantric way :
Remainder of title art science,ritual
260 ## - PUBLICATION, DISTRIBUTION, ETC.
Place of publication, distribution, etc. London
Name of publisher, distributor, etc. Thames and Hudson Ltd
Date of publication, distribution, etc. 1977
300 ## - PHYSICAL DESCRIPTION
Extent (e.g. Volumes, Pages etc.) 208 p .,
650 ## - SUBJECT ADDED ENTRY--TOPICAL TERM
Topical term or geographic name entry element Art
650 ## - SUBJECT ADDED ENTRY--TOPICAL TERM
Topical term or geographic name entry element Science
650 ## - SUBJECT ADDED ENTRY--TOPICAL TERM
Topical term or geographic name entry element Ritual
942 ## - Koha item type (Biblio)
Koha item type Books in Stacks (Lending)
Holdings
Lost status Damaged status Collection code Home library Current library Shelving location Date acquired Full call number Accession Number Item type
    Lending WERC Library WERC Library Social Science Cupboard 03/31/2024 210 MOO 3970 Books in Stacks (Lending)

© WERC Library